00833nam a2200253 45000010008000000030009000080050017000170080041000340100017000750150014000920200015001060400028001210500021001490820018001701100072001882450045002602600032003053000026003373500008003634900056003715040028004276500028004558100096004831710664BDDh-ASL20231015030057.0690828s1968 enk b 000 0 eng  a 70402929  aB69-01888 a011700068X aDLCcDLCdDLCdBDDh-ASL00aHV9647b.A5 196800a365.942bBRT 1 aGreat Britain.bCentral Office of Information.bReference Division.14aThe treatment of offenders in Britain /  aLondon : bH.M.S.O.,c1968. a[3], 34 p. : c24 cm. a4/-1 aCentral Office of Information reference pamphlet 35 aBibliography: p. 33-34. 0aPrisonszGreat Britain.1 aGreat Britain.bCentral Office of Information.bReference Division.tReference pamphletv35